[Event "ESP-ch Universities"]
[Site "Madrid"]
[Date "2008.05.11"]
[Round "9"]
[White "Marti Mascaro, Juan"]
[Black "Urbano Romero, Jonas"]
[Result "1-0"]
[WhiteElo "2016"]
[BlackElo "1822"]
[PlyCount "109"]
[EventDate "2008.05.08"]
[EventType "swiss"]
[EventRounds "9"]
[EventCountry "ESP"]
[SourceTitle "CBM 124 Extra"]
[Source "ChessBase"]
[SourceDate "2008.07.03"]
[SourceVersion "1"]
[SourceVersionDate "2008.07.03"]
[SourceQuality "1"]

1. d4 Nf6 2. Nf3 d5 3. Bg5 Bf5 4. e3 Nbd7 5. Bd3 Ne4 6. Bf4 a6 7. Nbd2 e6 8. Bxe4 dxe4 9. Ng5 Nf6 10. Be5 Qd5 11. c4 Qa5 12. 0-0 Bg4 13. f3 exf3 14. Ngxf3 Be7 15. Qb3 Rb8 16. c5 0-0 17. Nc4 Qb5 18. Qxb5 axb5 19. Na3 Rbc8 20. Nxb5 c6 21. Nd6 Bxd6 22. Bxd6 Rfe8 23. Ne5 Bf5 24. a4 Ne4 25. g4 Bg6 26. Nxg6 hxg6 27. Bg3 Nxg3 28. hxg3 Rcd8 29. Rf3 Rd5 30. b4 e5 31. Rd1 Ra8 32. a5 Rad8 33. Kg2 f6 34. Ra1 Ra8 35. Rf2 exd4 36. e4 Rd7 37. Rd2 d3 38. Ra3 Rd4 39. Rb3 Rxe4 40. Kf3 Rd4 41. Rdxd3 Rad8 42. Rxd4 Rxd4 43. b5 cxb5 44. Rxb5 Rd7 45. Rb6 Kf7 46. Ke4 Ke7 47. c6 bxc6 48. Rxc6 Ra7 49. a6 Kd7 50. Kd5 g5 51. Kc5 Rc7 52. Rxc7+ Kxc7 53. Kd5 Kb6 54. Ke6 Kxa6 55. Kf7 1-0

[Event "ESP-ch Universities"]
[Site "Madrid"]
[Date "2008.05.09"]
[Round "5"]
[White "Pascual Palomo, Lucia"]
[Black "Urbano Romero, Jonas"]
[Result "1-0"]
[WhiteElo "2106"]
[BlackElo "1822"]
[PlyCount "57"]
[EventDate "2008.05.08"]
[EventType "swiss"]
[EventRounds "9"]
[EventCountry "ESP"]
[SourceTitle "CBM 124 Extra"]
[Source "ChessBase"]
[SourceDate "2008.07.03"]
[SourceVersion "1"]
[SourceVersionDate "2008.07.03"]
[SourceQuality "1"]

1. e4 c5 2. Nf3 Nc6 3. Bb5 a6 4. Bxc6 bxc6 5. e5 d5 6. 0-0 Bg4 7. d3 e6 8. b3 Ne7 9. h3 Bh5 10. Nc3 Qc7 11. Re1 a5 12. Na4 Qa7 13. Ba3 Nc8 14. c4 d4 15. Qe2 Nb6 16. Qe4 Rc8 17. Bxc5 Bxc5 18. Nxc5 Bxf3 19. Qxf3 Nxc4 20. Ne4 Nxe5 21. Qg3 f6 22. Nd6+ Kd8 23. Nxc8 Kxc8 24. f4 Ng6 25. Rxe6 Qd7 26. Rae1 Kb7 27. h4 Kb6 28. h5 Nf8 29. Re7 1-0

[Event "ESP-ch Universities"]
[Site "Madrid"]
[Date "2008.05.08"]
[Round "1"]
[White "Urbano Romero, Jonas"]
[Black "Ibarra Jerez, Juan Miguel"]
[Result "0-1"]
[WhiteElo "1822"]
[BlackElo "2176"]
[PlyCount "74"]
[EventDate "2008.05.08"]
[EventType "swiss"]
[EventRounds "9"]
[EventCountry "ESP"]
[SourceTitle "CBM 124 Extra"]
[Source "ChessBase"]
[SourceDate "2008.07.03"]
[SourceVersion "1"]
[SourceVersionDate "2008.07.03"]
[SourceQuality "1"]

1. e4 c5 2. Nf3 d6 3. c3 Nf6 4. Qc2 g6 5. d4 cxd4 6. cxd4 Bg7 7. Nc3 Bg4 8. Bb5+ Nfd7 9. Be3 Bxf3 10. gxf3 0-0 11. 0-0 a6 12. Bc4 Nc6 13. Rad1 Rc8 14. Bb3 b5 15. Qd2 Na5 16. Kh1 Nf6 17. Nd5 Nxd5 18. Bxd5 e6 19. Bb3 d5 20. e5 Nc4 21. Bxc4 dxc4 22. Rg1 Qd5 23. Rg3 f6 24. Qe2 fxe5 25. dxe5 Qxe5 26. Rd2 Rcd8 27. Rc2 Rf5 28. Kg2 Rd3 29. b3 Qd5 30. bxc4 bxc4 31. Rg4 c3 32. a3 Bf8 33. a4 a5 34. Re4 h5 35. Qe1 Bb4 36. Qe2 Qd7 37. Ra2 g5 0-1